000 00853nam a2200229Ii 4500
003 JO-AjNU
008 230605s9999||||xx |||||||||||||| ||und||
017 _a2000/9/2635
040 _aJO-AjNU
_bara
_erda
_cJO-AjNU
041 _aara
050 1 4 _aHD37.2001
100 3 _aجراد، خليل ابراهيم,
_eauthor
_937276
245 0 0 _aكيف ومتى تكسب الثروة والاصدقاء والصحة وتحقيق النهوض الشامل للفرد والمجتمع والدولة
250 _aط2
264 3 1 _aعمان:مركزالكتاب الاكاديمي للنشر والتوزيع،2001
300 _a118ص
336 _atext
_btxt
_2rdacontent
337 _aunmediated
_bn
_2rdamedia
338 _avolume
_bnc
_2rdacarrier
490 0 _aسلسلة كتب النجاح كتاب رقم3
650 4 _aادارة عامة
_937277
999 _aA15561
_c19129
_d19129